000 00316 a2200145 4500
001 175613
020 _a
040 _cMagnum
100 _aMachado de Assis
240 1 0 _aA mao e a luva/prazo livro
_lpor
245 1 0 _aA mao e a luva/prazo livro
362 0 _a1899
697 _aMAGNITO: A/ROMANCE
942 _cBK
999 _c175613
_d175613